Joueurs ayant gagné un set contre Nadal à Roland Garros - Statistiques

Statistiques générales
  • Ce quiz a été pris 390 fois
  • Le résultat moyen est 15 sur 25
Statistiques - réponses
Année stade de la
compétition
résultat
du match
Joueur % Correct
2022 1/2 finale victoire de Nadal6-2 4-6 6-2 7-6 Djokovic
100%
2021 1/2 finale DEFAITE de Nadal6-3 3-6 6-7 2-6 Djokovic
100%
2015 1/4 de finale DEFAITE de Nadal5-7 3-6 1-6 Djokovic
100%
2014 Finale victoire de Nadal3-6 7-5 6-2 6-4 Djokovic
100%
2013 Demi finale victoire de Nadal 6-4 3-6 6-1 6-7 9-7 Djokovic
100%
2012 Finale victoire de Nadal 6-4 6-3 2-6 7-5 Djokovic
100%
2011 Finale victoire de Nadal 7-5 7-6 5-7 6-1 Federer
98%
2007 Finale victoire de Nadal6-3 4-6 6-3 6-4 Federer
98%
2006 Finale victoire de Nadal1-6 6-1 6-4 7-6 Federer
98%
2005 1/2 finale victoire de Nadal6-3,4-6,6-4,6-3 Federer
98%
2019 Finale victoire de Nadal6-3 5-7 6-1 6-1 Thiem
80%
2009 1/8 de Finale DEFAITE de Nadal6-2 6-7 6-4 7-6 Soderling
73%
2014 1/4 de finale victoire de Nadal4-6 6-4 6-0 6-1 Ferrer
70%
2022 1/8 de finale victoire de Nadal3-6 6-3 6-2 3-6 6-3 Auger Aliassime
50%
2005 Finale victoire de Nadal 6-7,6-3,6-1,7-5 Puerta
42%
2021 1/4 de finale victoire de Nadal6-3 4-6 6-4 6-0 Schwartzman
41%
2018 1/4 de finale victoire de Nadal4-6 6-3 6-2 6-2 Schwartzman
41%
2011 1er tour victoire de Nadal6-4 6-7 6-7 6-2 6-4 Isner
40%
2006 3e tour victoire de Nadal5-7,6-4,6-4,6-4 Mathieu
30%
2019 3e tour victoire de Nadal6-1 6-4 4-6 6-3 Goffin
15%
2015 1/8 de finale victoire de Nadal6-3 6-1 5-7 6-2 Sock
12%
2006 1/8 de finale victoire de Nadal6-2 5-7 6-4 6-2 Hewitt
11%
2005 1/8 de finale victoire de Nadal6-4,3-6,6-0,6-3 Grosjean
9%
2013 2e tour victoire de Nadal 4-6 6-3 6-3 6-3 Klizan
5%
2013 1er tour victoire de Nadal 4-6 7-6 6-4 6-3 Brands
4%
Aucun quiz correspondant
Distribution des résultats
% des personnes avec chaque résultat
Percentile par nombre de réponses
Votre historique - résultats
Vous n’avez pas pris ce quiz